[Event "Recife Pernambucano op"]
[Site "Recife"]
[Date "2024.12.08"]
[Round "5"]
[White "Peixoto, Sergio Dantas"]
[Black "Galindo, Flavio H Rocha"]
[Result "0-1"]
[WhiteElo "1649"]
[BlackElo "1990"]
[PlyCount "133"]
[EventDate "2024.12.06"]
[EventType "swiss"]
[EventRounds "6"]
[EventCountry "BRA"]
[SourceTitle "CB50_2024"]
[SourceDate "2024.11.01"]
[SourceVersion "1"]
[SourceVersionDate "2024.11.01"]
[SourceQuality "2"]

1. e4 c5 2. Nf3 Nc6 3. c3 Nf6 4. e5 Nd5 5. d4 cxd4 6. cxd4 e6 7. Be2 d6 8. 0-0 dxe5 9. dxe5 Qc7 10. Re1 Bd7 11. Bc4 Nb6 12. Bb3 Bb4 13. Bd2 0-0 14. Bxb4 Nxb4 15. a3 N4d5 16. Nbd2 Bc6 17. Rc1 Rad8 18. Qc2 Qe7 19. Ba2 Nf4 20. Re3 Nbd5 21. Bxd5 Bxd5 22. Qa4 Bxf3 23. Nxf3 Nd3 24. Rc2 b6 25. h3 Nc5 26. Qg4 Rd1+ 27. Re1 Rfd8 28. Rc1 R1d7 29. Re3 a5 30. Rc2 h6 31. Qc4 Rd1+ 32. Kh2 a4 33. Re1 R1d3 34. Rc3 Rxc3 35. Qxc3 Rd3 36. Qc4 Qd7 37. Rc1 Rd5 38. Rc2 Rd3 39. Rc3 Qd5 40. Qxd5 Rxd5 41. Rc2 Kf8 42. Kg3 Ke7 43. h4 f5 44. exf6+ gxf6 45. Kf4 Rd3 46. Rd2 Rb3 47. Kg4 Kf7 48. Kh5 Rd3 49. Kxh6 Rxd2 50. Nxd2 Nd3 51. b3 axb3 52. Nxb3 Nxf2 53. Kh5 e5 54. g4 Kg7 55. g5 f5 56. g6 Ne4 57. Nc1 Nc5 58. Kg5 f4 59. Ne2 f3 60. Ng3 f2 61. h5 Ne4+ 62. Nxe4 f1Q 63. h6+ Kf8 64. g7+ Kf7 65. Nd6+ Kg8 66. Ne8 Qf4+ 67. Kh5 0-1